000
00295nam a2200121Ia 4500
008
190216s9999||||xx |||||||||||||| ||und||
100
_a
Musthafa Sabae
245
0
_a
Nombinte Athmavu
260
_b
Poomkavanam Books Publishers
_c
1992
300
_a
60p
650
_a
Historical Novel
942
_c
BK
999
_c
22327
_d
22327